| 000 | 01312nam a22002657a 4500 | ||
|---|---|---|---|
| 003 | EG-NbEJU | ||
| 005 | 20260401082146.0 | ||
| 008 | 260126b |||||||| |||| 00| 0 eng d | ||
| 017 |
_a2003/5694 _bمصر . دار المعارف |
||
| 020 | _a9770264334 | ||
| 040 |
_aEG-NbEJU _bara _cEG-NbEJU |
||
| 041 | _aara | ||
| 050 |
_aPJ7542.D34 _bS83 2003 |
||
| 100 | _a،ضيف ، شوقي | ||
| 245 |
_aدراسات في الشعر العربي المعاصر / _cدكتور شوقي ضيف |
||
| 250 | _aالطبعة العاشرة | ||
| 260 |
_aالقاهرة : _bدار المعارف ، _c2003 |
||
| 300 |
_aصفحة 288 ؛ _c23سم |
||
| 490 |
_aمكتبة الدراسات الادبية _v11 |
||
| 520 | _aيلقي في هذا الكتاب الضوء علي اتجاهات الشعر العربي المعاصر من خلال دراسة صفوة من شعرائنا في الاقطار العربية و في المهجر الامريكي ، دراسة تتحري الدقة و وضوح الدلالة بترتيب المقدمات الصحيحة الي الاراء و الاحكام الادبية السليمة . | ||
| 650 |
_2qrmak _aالشعر العربي _xالشعراء العرب في امريكا _yالعصر الحديث |
||
| 901 | _aRowan | ||
| 902 | _axxx | ||
| 942 |
_2lcc _cBK _n0 |
||
| 999 |
_c7541 _d7541 |
||